000 00923cab a2200301 4500
001 ABS59963
008 090401t1999 xxu||||| |||| 00| 0 eng d
035 _a(Sirsi) u90882
041 _aeng
100 _aWilliams, P.
245 _aCornering the market
260 _c1999
350 _a0
490 _aInside Housing
_v22 January 1999, 20-21(2)
520 _aDiscusses the the impact that the increasing popularity of stock transfers will have on the private finance market, where there is already a limited number of major providers of debt finance.
650 _aCOUNCIL HOUSING
650 _aFUNDING
650 _aHOUSING STOCK
650 _aLENDERS
650 _aLOCAL AUTHORITY HOUSING
650 _aLARGE SCALE VOLUNTARY TRANSFERS
650 _aPRIVATE FINANCE
650 _aSTOCK TRANSFERS
650 _aTRANSFER
690 _aHOUSING-HOUSING FINANCE
942 _n0
948 _c25/01/1999
999 _c57653
_d57653